Delito, derecho y sociedad (Registro nro. 3488)

Detalles MARC
000 -LEADER
fixed length control field 00926 a2200205 4500
001 - CONTROL NUMBER
control field 41383
005 - DATE AND TIME OF LATEST TRANSACTION
control field 20260407155708.0
008 - FIXED-LENGTH DATA ELEMENTS--GENERAL INFORMATION
fixed length control field 260407a1974 arg spa d
003 - CONTROL NUMBER IDENTIFIER
control field AR-UNSa-BCEJYS
040 ## - CATALOGING SOURCE
Original cataloging agency AR-UNSa-BCEJYS
Language of cataloging spa
Transcribing agency AR-UNSa-BCEJYS
080 ## - UNIVERSAL DECIMAL CLASSIFICATION NUMBER
Universal Decimal Classification number 343.7
Common auxiliary subdivision Delitos contra la propiedad
041 ## - LANGUAGE CODE
Language code of text/sound track or separate title spa
100 1# - MAIN ENTRY--PERSONAL NAME
Personal name Hall, Jerome
245 10 - TITLE STATEMENT
Title Delito, derecho y sociedad
Name of part/section of a work causas sociológicas del delito
264 #1 - PRODUCTION, PUBLICATION, DISTRIBUTION, MANUFACTURE, AND COPYRIGHT NOTICE
Place of production, publication, distribution, manufacture Buenos Aires :
Name of producer, publisher, distributor, manufacturer Ediciones Depalma
Date of production, publication, distribution, manufacture, or copyright notice 1974
300 ## - PHYSICAL DESCRIPTION
Extent 488 p.
Dimensions 23 cm.
505 ## - FORMATTED CONTENTS NOTE
Formatted contents note 1. El caso del acarreador - 2. El desarrollo del derecho sobre apropiación ilícita de lo ajeno durante el siglo XVIII - 3. La elaboración del derecho sustantivo sobre el objeto del hurto - 4. El tecnicismo y la discrecionalidad en la aplicación del derecho penal - 5. La adquisición de cosas robadas - 6. Robo de automóvil - 7. Defraudación
590 ## - LOCAL NOTE (RLIN)
Local note niveau_biblio:m niveau_hierar:0
942 ## - ADDED ENTRY ELEMENTS (KOHA)
Koha item type
Existencias
Withdrawn status Lost status Damaged status Not for loan Home library Current library Shelving location Date acquired Total checkouts Full call number Barcode Date last seen Price effective from Koha item type
        Biblioteca Prof. Eusebio Cleto del Rey Biblioteca Prof. Eusebio Cleto del Rey   07/04/2026   343.7 H174 L119095 07/04/2026 07/04/2026 Libro